Physiology of stressed crops

Bewaard in:
Bibliografische gegevens
Hoofdauteur: Gupta, U. S.
Formaat: Boek
Taal:Undetermined
Gepubliceerd in: Enfield, NH. Science Publishers ( SP ) 2004
Onderwerpen:
Tags: Voeg label toe
Geen labels, Wees de eerste die dit record labelt!
Thư viện lưu trữ: Trung tâm Học liệu Trường Đại học Cần Thơ
LEADER 00546nam a2200205Ia 4500
001 CTU_117799
008 210402s9999 xx 000 0 und d
020 |c 82.93 
082 |a 632.1 
082 |b G978/Vol.1 
100 |a Gupta, U. S. 
245 0 |a Physiology of stressed crops 
245 0 |c U. S. Gupta 
260 |a Enfield, NH. 
260 |b Science Publishers ( SP ) 
260 |c 2004 
650 |a crops,crops 
650 |x effect of stress on,physiology 
904 |i Minh 
980 |a Trung tâm Học liệu Trường Đại học Cần Thơ